| 000 | 00868nas a2200289 4500 | ||
|---|---|---|---|
| 001 | BR2011001967 | ||
| 003 | BR-BrBNA | ||
| 005 | 20231205114928.0 | ||
| 007 | ta | ||
| 008 | 230509b bl.|||p| |||| 00| 00por d | ||
| 040 |
_aBR-BrBNA _bpor _cBiblioteca Nacional de Agricultura |
||
| 041 | _a(Pt) | ||
| 072 | _aH20; F02 | ||
| 100 | 1 | _aBasso, M.F. | |
| 100 | 1 | _aFajardo, T.V.M. | |
| 100 | 1 | _aEiras, M. | |
| 100 | 1 | _aAyub, R.A. | |
| 100 | 1 | _aNickel, O. | |
| 245 | 1 | _aDetecção e identificação molecular de vírus associados a videiras sintomáticas e assintomáticas | |
| 650 | _aUVA | ||
| 650 | _aDOENÇA DE PLANTA | ||
| 650 | _aPROPAGAÇÃO VEGETATIVA | ||
| 650 | _aVÍRUS | ||
| 773 | 0 |
_tCiência Rural (Brazil) _xISSN 0103-8478 _g(Nov 2010), v. 40(11) p. 2249-2255 _wBR2011001967 |
|
| 909 |
_a202311 _bLúcia _c55 _dLúcia Elande |
||
| 942 |
_2AGRIS _n0 _cANA |
||
| 999 |
_c211272 _d211272 |
||